Museums Libraries and Archives Council (Record no. 119751)

MARC details
000 -LEADER
fixed length control field 00740cam a2200169 4500
001 - CONTROL NUMBER
control field WS110369
008 - FIXED-LENGTH DATA ELEMENTS--GENERAL INFORMATION
fixed length control field 000000n 000 0 eng u
035 ## - SYSTEM CONTROL NUMBER
System control number (Sirsi) u110369
041 0# - LANGUAGE CODE
Language code of text/sound track or separate title eng
110 2# - MAIN ENTRY--CORPORATE NAME
Corporate name or jurisdiction name as entry element Museums, Libraries and Archives Council
9 (RLIN) 5134
245 00 - TITLE STATEMENT
Title Museums Libraries and Archives Council
520 ## - SUMMARY, ETC.
Summary, etc. Site for this government body working for museums, archives and libraries in the UK offering expert and impartial advice on a range of topics including grant support, registration, security, conservation and tourism.
651 #4 - SUBJECT ADDED ENTRY--GEOGRAPHIC NAME
Geographic name England
Chronological subdivision 886-
690 ## - LOCAL SUBJECT ADDED ENTRY--TOPICAL TERM (OCLC, RLIN)
Topical term or geographic name as entry element MANAGEMENT-BUSINESS MANAGEMENT-INFORMATION MANAGEMENT
856 40 - ELECTRONIC LOCATION AND ACCESS
Uniform Resource Identifier <a href="https://www.mla.gov.uk">https://www.mla.gov.uk</a>
Public note View the website free of charge at www.mla.gov.uk...
942 ## - ADDED ENTRY ELEMENTS (KOHA)
Suppress in OPAC 0
Holdings
Withdrawn status Lost status Source of classification or shelving scheme Damaged status Not for loan Home library Current library Shelving location Date acquired Total Checkouts Full call number Barcode Date last seen Copy number Price effective from Koha item type
    Dewey Decimal Classification     Virtual Virtual Online 15/01/2001   WEB SITE 110369-2001 06/08/2019 1 06/08/2019 Online material